[Event "Dubai op 6th"]
[Site "Dubai"]
[Date "2004.04.24"]
[Round "6"]
[White "Sturua, Zurab"]
[Black "Roghani, Arash"]
[Result "1-0"]
[WhiteElo "2533"]
[BlackElo "2302"]
[Annotator "Postny,E"]
[PlyCount "65"]
[EventDate "2004.04.19"]
[EventType "swiss"]
[EventRounds "9"]
[EventCountry "UAE"]
[SourceTitle "CBM 101"]
[Source "ChessBase"]
[SourceDate "2004.07.27"]
[SourceVersion "1"]
[SourceVersionDate "2004.07.27"]
[SourceQuality "1"]

1. c4 e6 2. Nc3 d5 3. d4 c6 4. e3 {This way white avoids sharp opening
variations, which arise after 4.Nf3 dxc4 or 4.e4 dxe4 5.Nxe4 Bb4+.} Bd6 5. Bd3
f5 6. g4 {Rare continuation, which does not have a good reputation. White is
trying to take advantage of black's last move.} (6. Qc2) ({or} 6. Nge2 {
with possible plan f2-f3 and e3-e4.}) 6... Nf6 (6... fxg4 $6 7. Qxg4 $36) 7. g5
$6 $146 {Already a novelty! White refrains from opening up the game and
decides to get space on the kingside. However, this move looks somewhat
inconsistent and black should be fine in this case.} (7. gxf5 exf5 8. Qb3 (8.
cxd5 cxd5 9. Qb3 Nc6 10. Bd2 O-O 11. Nxd5 Nxd5 12. Qxd5+ Kh8 13. a3 Ne7 14. Qg2
Be6 15. Nf3 Rf6 $44 {1-0 Dreev,A-Sherbakov,R/Elista 1995/CBM 50 (40)}) (8. Qf3
dxc4 9. Bxc4 Qe7 10. Nge2 Be6 11. Bxe6 Qxe6 12. d5 Qe5 13. Nd4 O-O 14. Bd2 Nxd5
15. Nxd5 Qxd5 16. Qxd5+ cxd5 $15 {1-0 Aleksandrov,A-Tregubov,P/Krasnodar 1995/
CBM 47 ext [Belov] (33)}) (8. Qc2 O-O 9. Bd2 Qe7 10. O-O-O dxc4 11. Bxc4+ Be6
12. Bxe6+ Qxe6 13. Nf3 Na6 14. Ng5 Qd7 15. Kb1 Kh8 $132 {1-0 Agrest,E-Tregubov,
P/Corsica 1997/EXT 99 (40)}) 8... dxc4 9. Bxc4 Qe7 10. a4 Nbd7 11. a5 Ne4 12.
Nf3 Ndf6 13. h3 Rb8 14. Rg1 g6 15. Nxe4 Nxe4 16. h4 f4 17. Ng5 Rf8 18. Nxe4
Qxe4 19. Bd3 Qe7 20. e4 Be6 $17 {0-1 Agrest,E-Lautier,J/Harplinge 1998/CBM 67 
(49)}) 7... Ne4 8. f4 O-O ({A principled continuation would have been} 8... h6
{and white has to be careful, for instanse:} 9. Nf3 (9. Qh5+ Kd7 10. Bxe4 fxe4
11. g6 Rf8 $15) 9... hxg5 10. Bxe4 dxe4 11. Nxg5 Be7 12. h4 Bxg5 13. fxg5 Qxg5
14. hxg5 Rxh1+ {and black will be a pawn up.}) 9. Nge2 b6 10. b3 Bb7 11. Bb2
Nd7 ({Comes to consideration} 11... c5 $11) 12. Nxe4 dxe4 $6 {Dubious decision.
After this recapture black will have less influence in the centre compared to
the 12...fxe4.} (12... fxe4 13. Bc2 c5 14. Qd2 Qe7 {and black is not worse.})
13. Bc2 Qe7 14. Qd2 {White can now calmly complete the development, his centre
is not under pressure anymore.} c5 15. O-O-O $6 {Probably white should not
hurry with castling.} ({Comes to consideration} 15. Rg1) 15... Rfd8 16. Kb1 a6
17. Nc3 cxd4 $6 ({Much stronger was} 17... b5 $1 {For instanse:} 18. cxb5 cxd4
19. exd4 axb5 20. Nxb5 e3 21. Qxe3 Bxh1 22. Rxh1 Nb6 {[%csl Gd5][%cal Gb6d5]
and black is better.}) 18. exd4 e3 $2 {[%mdl 16384] A very bad decision,
especially from the strategical point of view. Black's pawn e4 is very
important for him to prevent white's smooth piece play, while the exchange
will have no significance, due to the closed character of the position. Almost
any other move would have been better.} 19. Qxe3 Bxh1 20. Rxh1 {Despite being
an exchange down, white is clearly better. White has a lot of space, his
pieces are harmoniously placed, while black has no clear plan and can only
wait and see white strengthening his position.} Nf8 21. h4 Qb7 22. Rh2 {
Covering all the possible penetration squares of black's queen.} Qc7 23. Ne2
Qe7 {Useless, but it's very hard to give black good advice. It's interesting
that Fritz still likes black's position, which is almost lost!} 24. h5 Ba3 25.
Bc3 {Correctly avoiding the exchange of bishops.} a5 26. h6 g6 27. Ng1 $1 {
The transfer of the knight to e5 square finishes black off.} Nd7 28. Nf3 Kf7
29. Re2 Rg8 30. Bd3 Rae8 31. c5 $1 {Decisive breakthrow.} bxc5 32. Bb5 Rd8 33.
d5 {A very nice positional squeeze by the Georgian Grandmaster.} (33. d5 Rge8
34. Bxd7 Rxd7 35. Qe5 $18) 1-0

[Event "POL Supercup"]
[Site "Warsaw"]
[Date "2002.06.30"]
[Round "2"]
[White "Stempin, Pawel"]
[Black "Krasenkow, Michal"]
[Result "0-1"]
[WhiteElo "2405"]
[BlackElo "2641"]
[Annotator "Postny,E"]
[PlyCount "78"]
[EventDate "2002.06.29"]
[EventType "team"]
[EventRounds "2"]
[EventCountry "POL"]
[SourceTitle "CBM 090"]
[Source "ChessBase"]
[SourceDate "2002.09.20"]
[SourceVersion "1"]
[SourceVersionDate "2002.09.20"]
[SourceQuality "1"]
[WhiteTeam "Poznan Pocztowiec"]
[BlackTeam "Warsaw Polonia"]
[WhiteTeamCountry "POL"]
[BlackTeamCountry "POL"]

1. d4 d5 2. c4 e6 3. Nc3 c6 4. e3 f5 5. f4 {A very solid variation. White
wants to shut the centre completely, and then try to make use of some space
advantage on the queenside.} Nf6 6. Nf3 Be7 7. Be2 O-O 8. O-O b6 9. Ne5 (9. b3
{- see the game Fominyh,A-Maiorov,O/RUS-ch m1-2 Elista 1997/CBM 59 [Tyomkin]})
(9. Qc2 Bb7 10. cxd5 cxd5 11. Bd2 Nc6 12. a3 Ne4 13. Rfc1 Rc8 14. Qd1 Qd7 15.
Be1 Rc7 16. Rc2 Nxc3 17. Rxc3 Rfc8 18. Rac1 Bd6 19. Qa4 Nb8 $11 {1/2-1/2
Karpov,A-Ivanchuk,V/Tilburg 1993/CBM 39 (47)}) 9... Bb7 10. cxd5 $146 (10. Qc2
Nbd7 11. cxd5 cxd5 12. Bd2 a6 13. a4 Rc8 14. Qb3 Nxe5 15. fxe5 Nd7 16. Na2 Rf7
17. Rac1 $14 {0-1 Markotic,B-Serrano Marhuenda,S/St Cugat 1992/TD (48)}) (10.
Qa4 c5 11. Rd1 Qe8 12. Qxe8 Rxe8 13. Bf3 Rd8 14. b3 $11 {1/2-1/2 Kosyrev,
V-Yasinsky,V/Moscow 1995/EXT 98 (31)}) 10... exd5 11. Qc2 Qc8 12. Bd2 c5 13.
Be1 $1 {[%cal Ye1h4] A standart bishop manoeuvre for this kind of pawn
structure.} Na6 14. Rd1 Nc7 15. h3 Ne6 $6 {The knight has nothing to do here,
this square should be occupied by black's Q.} (15... Qe6 {with a complicated
struggle.}) 16. Kh2 (16. Qxf5 $2 Nxd4 $1 17. Qxc8 Nxe2+ 18. Nxe2 Raxc8 $15)
16... g6 $6 ({Better would to be to admit the mistake, made on the previous
move:} 16... Nc7) 17. Bh4 $1 {[%csl Rd5][%cal Gd4c5] Suddenly black has
problems with Pd5.} cxd4 $6 {This exchange assists white to take the position
under control.} (17... c4 18. Rg1 $36 {[%cal Gg2g4]}) 18. exd4 Qc7 19. Qb3 Rad8
(19... Qd6 20. Nb5 Qb4 21. Qe3 {and black is unable to parry all white's
threats.}) 20. Nb5 Qb8 21. Qe3 $1 {[%csl Re6][%cal Ge5g6]} Ng7 22. Rc1 (22.
Nxg6 $2 hxg6 23. Qxe7 Rde8 {[%csl Re2] and white has to part with his Q.})
22... Bd6 (22... Ng4+ $2 23. hxg4 Bxh4 24. g5 $18 {[%csl Rh4]}) 23. Rc2 a6 24.
Nxd6 Qxd6 25. Rfc1 {White's pieces are dominate the board.} Ne6 26. a3 (26. g4
$2 fxg4 27. hxg4 Rde8) 26... Rde8 {This is probably inaccuracy, but it's hard
to give a useful advice for black.} (26... Ra8 $142) 27. Bxf6 $2 {This
exchange makes black's life much easier.} ({Very strong was} 27. Be1 $1 {
[%csl Rf8][%cal Ge1b4]} a5 $8 28. b4 $1 Ra8 29. bxa5 bxa5 30. Rb2 {and white
has strategically winning position.}) 27... Rxf6 $16 28. Bf3 Rff8 29. h4 Re7
30. g3 Rc7 31. Rxc7 (31. h5 Rfc8 32. Rxc7 Rxc7 $14) 31... Nxc7 32. Kg2 (32. Qb3
Ne6 {[%csl Rd4]} (32... Ne8 $2 33. Nc6 $1 {[%csl Rb6,Rd5]} Bxc6 $2 34. Rxc6 $18
{[%csl Rg8][%cal Rf3d5]})) 32... Re8 $1 {Starting the regrouping of the pieces.
} 33. Kf2 $6 {This move has little to do with the position.} (33. h5 $142)
33... Re7 34. h5 Ne8 {[%cal Ye8f6,Yf6e4] The black N is intending to reach the
central e4 square, while the R covering the 7th rank against the penetration
of the white heavy pieces.} 35. Rh1 gxh5 (35... Nf6 $2 36. hxg6 hxg6 37. Rh6 {
[%csl Rg6]}) 36. Rxh5 Bc8 37. Qe1 $6 ({Much stronger was} 37. Qc1 $1 {[%csl
Rc8] The same idea to transfer the Q, but with tempo!} Rc7 38. Rg5+ Ng7 39. Qd1
$16 (39. Bxd5+ $2 Kf8)) 37... Nf6 38. Rg5+ Kf8 39. Qh1 Ne4+ {I guess, that
white forfeits on time here... A pity, because white was pretty dominating
through the whole game, although the position is already not so clear.} (39...
Ne4+ 40. Bxe4 dxe4 41. Ke3 Qe6 42. Qc1 $14) 0-1

[Event "RUS-chT 09th Group1"]
[Site "Ekaterinburg"]
[Date "2002.05.17"]
[Round "1"]
[White "Iskusnyh, Sergei"]
[Black "Malakhov, Vladimir"]
[Result "0-1"]
[WhiteElo "2475"]
[BlackElo "2663"]
[Annotator "Postny,E"]
[PlyCount "186"]
[EventDate "2002.05.17"]
[EventType "team-tourn"]
[EventRounds "7"]
[EventCountry "RUS"]
[SourceTitle "CBM 090"]
[Source "ChessBase"]
[SourceDate "2002.09.20"]
[SourceVersion "1"]
[SourceVersionDate "2002.09.20"]
[SourceQuality "1"]
[WhiteTeam "Novokuznetsk"]
[BlackTeam "Norilsk Norilsky Nikel"]
[WhiteTeamCountry "RUS"]
[BlackTeamCountry "RUS"]

{[%mdl 8]} 1. d4 d5 2. c4 e6 3. Nf3 c6 4. e3 f5 5. Bd3 Nf6 6. O-O Bd6 7. b3 Qe7
8. Bb2 O-O 9. Ne5 {This move is one of the side lines in this position.} ({
The main line is} 9. Qc1 {[%cal Gb2a3]}) 9... b6 (9... Bd7 $6 10. Qc1 Rc8 11.
Nd2 Ne4 12. f3 Nxd2 13. Qxd2 Be8 14. e4 $14 {1/2-1/2 Kharitonov,A-Tregubov,P/
Alushta 1994/CBM 41 (35)}) (9... Nbd7 10. f3 (10. Nd2 $142) 10... c5 11. Nd2 b6
12. Qe2 Bb7 $11 {1/2-1/2 Bogdanovski,V-Guliev,S/Pula 1997/CBM 57 ext (25)}) 10.
Nd2 (10. cxd5 cxd5 11. f3 Bb7 12. Nc3 a6 13. Rc1 Nc6 $11 {0-1 Bareev,
E-Krasenkow,M/Groningen 1997/CBM 63 (31) [Krasenkow]}) 10... Bb7 11. Rc1 Ne4
12. Qe2 (12. f3 Nxd2 13. Qxd2 Nd7 14. Nxd7 Qxd7 15. e4 fxe4 16. fxe4 Rxf1+ 17.
Rxf1 Rf8 $11 {1/2-1/2 Gurevich,M-Galkin,A/Hoogeveen 2001/CBM 84 ext (21)})
12... Nxd2 $1 $146 {[%mdl 8] The simplest way to the equality.} (12... c5 13.
Rfd1 Nc6 14. Ndf3 $14 {1-0 Kharitonov,A-Tregubov,P/Novgorod 1997/CBM 60 (37) 
[Tsesarsky]}) 13. Qxd2 Nd7 $11 14. cxd5 (14. Nxd7 Qxd7 15. c5 bxc5 16. dxc5 Bc7
17. f4 a5 $132) 14... cxd5 15. Nc6 {White is continuing to fight for the
advantage, however this move is not dangerous for black, since the N on c6 may
become vulnerable.} (15. Nxd7 $11) (15. f4 $11) 15... Qe8 $1 16. b4 $5 {
White is being consequent.} (16. f4 $11) 16... Nf6 17. Ne5 ({A careless} 17. b5
$2 {would be strongly met by the thematic blow} {[%tqu "En","Find the best
move for black.","","","d6h2","",12]} Bxh2+ $1 18. Kxh2 Qh5+ 19. Kg1 Ng4 20.
Rfe1 Qh2+ 21. Kf1 f4 $40) 17... Ne4 18. Qe2 $5 {An interesting pawn sacrifice,
which inserts more intrigue in the game.} (18. Qe1 Qa4 $5 19. a3 a5 20. Bc2 Qe8
21. f3 $11) 18... Bxb4 19. Rc7 Bc8 $1 {Covering the d7 square.} (19... Rb8 $6
20. Bb5 Qd8 21. Rd7 Qf6 22. Bc6 $14) 20. Rfc1 Bd6 21. Bxe4 $1 {The only way to
keep the initiative.} (21. Bb5 Qd8 22. R7c2 Bb7 $15 (22... Bxe5 $6 23. dxe5 Bd7
24. Ba3 $44)) 21... fxe4 ({The alternatives are dangeous for black:} 21... Bxc7
$2 22. Rxc7 dxe4 23. Ba3 $36) (21... dxe4 $2 22. d5 $1 {[%csl Gb2,Rg7]} Bxc7 (
22... exd5 23. Rxg7+ $1 Kxg7 24. Nc4+ Kg8 25. Nxd6 {[%csl Rg8]}) 23. Rxc7 exd5
24. Qd2 Be6 (24... Qd8 25. Rxg7+ Kxg7 26. Nc6+ Qf6 27. Bxf6+ Rxf6 28. Qxd5 $36)
25. Qd4 $40) 22. Qg4 Bxe5 (22... Bxc7 $4 23. Rxc7 g6 24. Qh4 h5 25. Qg5 $18)
23. dxe5 Rf7 {After the exchange of pair of RR, white's attacking chances
evaporates, but his pieces are still more active, which should give him enough
chances to maintain the balance.} 24. Ba3 (24. Qh5 Ba6 25. Qxf7+ Qxf7 26. Rxf7
Kxf7 27. Rc7+ Kg6 28. f3 {and this endgame should end in a draw.}) 24... Rxc7
25. Rxc7 Bd7 26. Qg5 $6 {Wrong place for the Q.} (26. Qd1 $142 {coordinating
the pieces and white has not much to worry about.}) 26... h6 $6 {Missing
strong opportunity to exploit the temporary disconnection between white's
pieces.} (26... Rc8 $1 27. Rxa7 h6 $1 28. Qh4 (28. Qg4 Ra8 29. Rxa8 Qxa8 $17 {
[%csl Ra2]}) 28... Rc2 29. Qg3 Qf7 (29... Rxa2 $4 30. Bf8) 30. h3 Rxa2 $17) 27.
Qe7 Qxe7 28. Bxe7 Bb5 (28... Rc8 29. Rxc8+ Bxc8 30. Bd6 {[%cal Gd6b8] Compared
with what happened in the game later, this endgame is drawish.}) 29. a3 Bd3 30.
Rd7 $6 {A preparation to the following mistake...} (30. g4 $44) 30... Rc8 31.
Rd8+ $2 {At this moment white certainly did not evaluate properly the BB
endgame.} (31. h4) 31... Rxd8 32. Bxd8 {The endgames with the opposite colour
bishops are well-known as drawish, even if one side has material advantage. I
guess, that this was the white's main consideration before exchanging rooks.
However this concrete endgame contains many nuances, and it's very hard to
point out on the improvement of white's play, not to lose this endgame...} Kf7
33. f4 (33. Bc7 Ke8 34. Bb8 Kd7 $1 {and white can not capture the Pa7.}) 33...
Ke8 34. Bc7 (34. Bh4 Kd7 35. Kf2 Kc6 36. Ke1 d4 37. Kd2 Kd5 {is similar to the
game.}) 34... Kd7 35. Bd6 {[%cal Gd6f8]} h5 36. Kf2 Kc6 37. Ke1 d4 38. Kd2 ({
After} 38. exd4 e3 {[%csl Gc6,Gd3,Ge3] white is defenseless against the
penetration of the black K.}) 38... Kd5 39. Bb8 dxe3+ 40. Kxe3 a6 41. Ba7 (41.
h3 b5 42. g4 h4 {[%csl Rh3]}) 41... b5 42. Kd2 Kc4 43. f5 e3+ $1 (43... exf5 $2
44. e6 f4 {[%tqu "En","How should white continue?","","","a7e3","",10,"e6e7",
"",0]} 45. Be3 $3 {A brilliant touch, which is the main idea behind the
white's 43.f5.} (45. e7 $2 e3+ 46. Ke1 Bg6 47. Bb8 Kb3 {with an easy win.}) {
However it seems, that after} 45... fxe3+ 46. Kxe3 b4 47. e7 b3 $1 48. e8=Q b2
{white has no more, than a perpetual check.}) 44. Bxe3 Bxf5 45. Bb6 (45. h4 a5
46. Kc1 Kd3 47. Bf4 Ke4 48. g3 {In this position black's winning plan is the
following: 1)to organize the passed pawn on the "b" file and protect it by the
bishop. 2)to play g7-g5! in the right moment. In case of Bxg5 black captures
the Pe5, and in case of h4xg5 black wins by h5-h4.}) 45... h4 46. Bd8 Kb3 47.
Be7 Be4 48. g3 hxg3 $1 {[%mdl 4096]} (48... h3 $2 49. g4 {[%csl Gg3][%cal
Ye7h4,Yh4g3] and after the black K will come to the kingside, white will have
the defensive manoeuvre Be7-h4-g3.}) 49. hxg3 Bf5 50. Bb4 g6 51. Kc1 Kc4 52.
Kd2 Kd4 53. Bc3+ Ke4 54. Ke2 Bg4+ {An important check, which assists black to
get more space for the K.} 55. Kf2 Kd3 56. Ba5 Ke4 57. Bc7 Kd4 {White is in
zugzwang. The white B must protect the Pe5 and prevent the a6-a5 advanse as
well, so white must play with the K and give to black even more space.} 58. Kf1
Ke3 59. Kg2 Bf5 60. Kg1 Kf3 61. Kh2 Bg4 {One more zugzwang!} 62. Ba5 Ke4 63.
Bc7 Kd4 64. Kg2 Kc4 65. Kf2 Kb3 66. Bd6 a5 67. Ke3 Kc4 (67... b4 68. axb4 axb4
69. Kf4 Bh3 70. Kg5 Kc3 71. Kxg6 b3 72. Ba3 b2 73. Bxb2+ Kxb2 $19) 68. Be7 (68.
Kf4 Bh3 69. Kg5 b4 70. axb4 axb4 71. Kxg6 b3 72. Ba3 Kc3 73. Kh5 b2 74. Bxb2+
Kxb2 75. g4 Kc3 76. g5 Kd4 77. g6 Bf5 78. g7 Bh7 $19) 68... Bf5 {Malakhov is
not hurrying to play b5-b4 and improves the placement of his B.} 69. Bd6 Bb1
70. Be7 b4 71. axb4 axb4 72. Kd2 Be4 73. Kc1 (73. Bd6 Bf5 74. Be7 Bg4 $1 75.
Bd6 b3 76. Ba3 Kd4 77. Bb2+ Ke4 $19 {[%csl Rg3][%cal Re4f3,Rf3g3]}) 73... Kc3
74. Bg5 b3 75. Bd2+ Kd3 76. Bf4 Bd5 77. Kb2 Kd4 {Black's winning plan will be
revealed in a few moves later...} 78. Kc1 Ke4 79. Kb2 Kd3 80. Bg5 Ke4 81. Bf4
Kf5 82. Kc3 g5 {This little nuance is the key to black's win. If the white
pawn was on h2 instead of g3, there would be a dead draw, since the white B
stands on g3 in this case, and nothing can move it from there. Now white is
lost.} 83. Bd2 Kxe5 84. Bxg5 Ke4 85. Bf6 Kf5 86. Bg7 e5 {The final stage of
black's winning plan is on. The second black passed pawn decides the game.} 87.
g4+ Kf4 88. g5 e4 89. g6 Kf3 90. Bf6 e3 91. g7 Ke2 92. Bg5 Bg8 {It is
important to notice, that the black B protects the Pb3 and prevents the
promotion of the white P on the same a2-g8 diagonal.} 93. Bh4 Kd1 {Nice
endgame technic by Malakhov.} 0-1

[Event "POL-chT 66th"]
[Site "Katowice"]
[Date "2010.09.12"]
[Round "9"]
[White "Hera, Imre Jr"]
[Black "Zhigalko, Sergei"]
[Result "0-1"]
[WhiteElo "2586"]
[BlackElo "2640"]
[Annotator "RR"]
[PlyCount "105"]
[EventDate "2010.09.04"]
[EventType "team-tourn"]
[EventRounds "9"]
[EventCountry "POL"]
[SourceTitle "EXT 2016"]
[Source "ChessBase"]
[SourceDate "2015.10.08"]
[SourceVersion "1"]
[SourceVersionDate "2015.10.08"]
[SourceQuality "1"]
[WhiteTeam "Szkola Grudziadz"]
[BlackTeam "Dankowice"]
[WhiteTeamCountry "POL"]
[BlackTeamCountry "POL"]

1. Nf3 d5 2. d4 c6 3. c4 e6 4. e3 (4. Qc2 f5 5. Bf4) 4... Bd6 5. Bd3 f5 6. b3
Nf6 7. O-O Qe7 8. Bb2 O-O 9. Qc1 {[%cal Gb2a3]} Nbd7 (9... Ne4 10. Ba3 Bxa3 11.
Qxa3 Qf6 12. Nbd2 Nd7 13. Qb2 b6 14. Rac1 Bb7 15. b4 Rad8 16. Rc2 g5 17. c5 g4
18. Ne5 Nxe5 19. dxe5 Qg7 20. Qd4 bxc5 21. bxc5 Ng5 22. Rb2 Bc8 23. f4 gxf3 24.
Nxf3 Ne4 25. Rd1 Qe7 26. Rc2 Qc7 27. Qb4 Bd7 28. Qe1 Be8 29. Bxe4 fxe4 30. Qg3+
Kh8 31. Nd4 Qe7 32. Rf2 Rg8 33. Qf4 Bh5 34. Nxc6 Qf8 35. Nxd8 Qxf4 36. Rxf4 {
1-0 (36) Ragger,M (2655)-Khenkin,I (2655) Germany 2012}) 10. cxd5 (10. Ba3 Ne4
11. Bxd6 Qxd6 12. Qa3 (12. Nc3)) 10... Nxd5 11. Nbd2 c5 12. Bc4 b6 (12... Kh8)
13. e4 Nf4 $1 14. exf5 Rxf5 15. Qc2 {[%csl Re6][%cal Gc2f5,Gc4e6,Gc4g8]} Rh5
16. dxc5 Nxc5 $132 {[%csl Gc5]} 17. b4 Nd7 18. Ne4 Bb7 {[%cal Gb7f3]} 19. Rad1
Bxb4 20. a3 Ba5 (20... b5 21. Bxb5 Rc8 $44) 21. g3 $2 {[%csl Gb7]} (21. Bc1 {
[%cal Gc1f4] Le Nf4 est très actif et l'échanger aurait soulagé la défense
des Blancs}) 21... Nh3+ 22. Kg2 Rf8 $6 {Rate un gain immédiat} (22... Nc5 $1 {
[%csl Re4,Rf3,Rg2][%cal Gb7g2,Gh3f4]} 23. Nxc5 Rxc5 24. Kxh3 (24. Bd4 Ng5 $19)
24... Bxf3) 23. Qb3 $2 {La dernière chance de sauver la partie} (23. Nd4 $8
Ng5 24. f3 $13) 23... Bxe4 24. Bxe6+ Kh8 25. Rxd7 Rxf3 $1 26. Qxf3 Bxf3+ 27.
Kxf3 Qxe6 28. Rd8+ Qg8 $19 29. Rfd1 Rf5+ $1 {[%cal Gf5f3,Gf5f8]} 30. Kg2 Rxf2+
31. Kxh3 Rxb2 (31... Rf8) 32. Rxg8+ Kxg8 33. Rd8+ Kf7 34. Rd7+ Kf6 35. Rxa7 Ra2
36. Rc7 Rxa3 37. Rc6+ Kf5 38. Rc7 Bc3 39. Rb7 Bd4 40. Rd7 Ke4 41. Re7+ Kd5 42.
Rd7+ Kc4 43. Rc7+ Kd3 44. Rb7 Ra2 45. g4 Rb2 46. Kg3 h6 47. h4 b5 48. g5 hxg5
49. hxg5 b4 50. g6 b3 51. Kg4 Rb1 52. Kf5 b2 53. Rb3+ 0-1

[Event "POL-chT 66th"]
[Site "Katowice"]
[Date "2010.09.04"]
[Round "1"]
[White "Czarnota, Pawel"]
[Black "Krasenkow, Michal"]
[Result "1/2-1/2"]
[WhiteElo "2524"]
[BlackElo "2622"]
[Annotator "RR"]
[PlyCount "63"]
[EventDate "2010.09.04"]
[EventType "team-tourn"]
[EventRounds "9"]
[EventCountry "POL"]
[SourceTitle "EXT 2016"]
[Source "ChessBase"]
[SourceDate "2015.10.08"]
[SourceVersion "1"]
[SourceVersionDate "2015.10.08"]
[SourceQuality "1"]
[WhiteTeam "Szkola Grudziadz"]
[BlackTeam "Gorzow Wielkopolski"]
[WhiteTeamCountry "POL"]
[BlackTeamCountry "POL"]

1. Nf3 d5 2. d4 c6 3. c4 e6 4. e3 f5 5. Bd3 Nf6 6. O-O Bd6 7. b3 Qe7 8. Bb2 O-O
9. Qc1 b6 (9... Ne4 10. Ba3 Bxa3 11. Qxa3 Qf6 12. Nbd2 Nd7 13. Qb2 b6 14. Rac1
Bb7 15. b4 Rad8 16. Rc2 g5 17. c5 g4 18. Ne5 Nxe5 19. dxe5 Qg7 20. Qd4 bxc5 21.
bxc5 Ng5 22. Rb2 Bc8 23. f4 gxf3 24. Nxf3 Ne4 25. Rd1 Qe7 26. Rc2 Qc7 27. Qb4
Bd7 28. Qe1 Be8 29. Bxe4 fxe4 30. Qg3+ Kh8 31. Nd4 Qe7 32. Rf2 Rg8 33. Qf4 Bh5
34. Nxc6 Qf8 35. Nxd8 Qxf4 36. Rxf4 {1-0 (36) Ragger,M (2655)-Khenkin,I (2655)
Germany 2012}) 10. Ba3 Bb7 11. cxd5 cxd5 12. Bxd6 Qxd6 13. Qa3 Qxa3 14. Nxa3 a6
15. Ne5 Nbd7 16. Nxd7 Nxd7 17. Rac1 Rac8 18. f4 $146 {[%csl Re6]} (18. Nb1 Kf7
19. Nd2 Ke7 20. h3 h6 21. a3 Kd6 22. Rfd1 Rxc1 23. Rxc1 e5 24. dxe5+ Nxe5 25.
Be2 f4 26. exf4 Rxf4 27. g3 Rf7 28. f4 Nd7 29. Nf3 Nc5 30. Nd4 Ne6 31. Nxe6
Kxe6 32. Bh5 Re7 33. Kf2 Kd6 34. h4 a5 35. Be2 Bc6 36. Bf3 Bb7 37. Be2 Bc6 38.
Bd3 d4 39. Re1 Rxe1 40. Kxe1 Kc5 41. g4 Bd5 42. Bc2 d3 43. Bxd3 Bxb3 44. g5 b5
45. f5 {1/2-1/2 (45) Popov,V (2547)-Geller,J (2489) Voronezh 2004}) 18... Nf6 {
[%csl Ge4]} 19. h3 h6 20. Nb1 g5 21. Rxc8 Rxc8 22. fxg5 hxg5 23. g4 {[%cal
Gf1f6]} Ne4 $11 24. gxf5 Ng3 25. Rf3 Rc1+ 26. Kg2 Nxf5 {[%cal Gf5h4]} 27. Bxf5
exf5 28. Rf1 Rc2+ 29. Rf2 Rc1 30. Rf1 Rc2+ 31. Rf2 Rc1 32. Rf1 1/2-1/2